Connecting the Dots Between Inflammation and the Inner Workings of Programmed Cell Death (Record no. 13435)
[ view plain ]
| 000 -LEADER | |
|---|---|
| fixed length control field | 00569nam a2200133Ia 4500 |
| 008 - FIXED-LENGTH DATA ELEMENTS--GENERAL INFORMATION | |
| fixed length control field | 220615s9999||||xx |||||||||||||| ||und|| |
| 020 ## - INTERNATIONAL STANDARD BOOK NUMBER | |
| International Standard Book Number | 9782890000000 |
| 245 #0 - TITLE STATEMENT | |
| Title | Connecting the Dots Between Inflammation and the Inner Workings of Programmed Cell Death |
| 546 ## - LANGUAGE NOTE | |
| Language note | English[eng] |
| 650 ## - SUBJECT ADDED ENTRY--TOPICAL TERM | |
| Topical term or geographic name entry element | apoptosis||necroptosis||pyroptosis||mitochondria||Bcl-2 |
| 700 ## - ADDED ENTRY--PERSONAL NAME | |
| Personal name | Kaufmann, Thomas||Wei-Lynn Wong, W. |
| 856 ## - ELECTRONIC LOCATION AND ACCESS | |
| Uniform Resource Identifier | <a href="https://www.frontiersin.org/research-topics/8394/connecting-the-dots-between-inflammation-and-the-inner-workings-of-programmed-cell-death">https://www.frontiersin.org/research-topics/8394/connecting-the-dots-between-inflammation-and-the-inner-workings-of-programmed-cell-death</a> |
| 942 ## - ADDED ENTRY ELEMENTS (KOHA) | |
| Koha item type | E-Books |
| Withdrawn status | Lost status | Damaged status | Not for loan | Home library | Current library | Date acquired | Total Checkouts | Date last seen | Price effective from | Koha item type |
|---|---|---|---|---|---|---|---|---|---|---|
| Kerala University of Digital Sciences, Innovation and Technology Knowledge Centre | Kerala University of Digital Sciences, Innovation and Technology Knowledge Centre | 15/06/2022 | 15/06/2022 | 15/06/2022 | E-Books |